| 000 | 00847nam a22002657a 4500 | ||
|---|---|---|---|
| 001 | 9117 | ||
| 003 | FISKH | ||
| 005 | 20251124094029.0 | ||
| 008 | 251124b cb ||||| |||| 00| 0 eng d | ||
| 020 | _a9780439676656 | ||
| 040 |
_aFISKH _beng _cFISKH _dFISKH |
||
| 082 | _a745.54 | ||
| 100 | _aTarlow, Ellen | ||
| 245 |
_aHow to make a wind sock / _cby Ellen Tarlow ; illustrated by Tracy Sabin |
||
| 260 |
_aNew York : _bScholastic, _c2004. |
||
| 300 |
_a8 pages : _bcolor illustrations ; _c23 cm |
||
| 505 | _aB | ||
| 520 | _aSimple text and illustrations tell the materials needed along with instructions for constructing a wind sock. | ||
| 521 | 8 |
_a40
_bLexile estimate |
|
| 521 | 8 |
_aB
_bRaz-Plus |
|
| 650 |
_aChildren's book _vIndependent |
||
| 700 |
_aSabin, Tracy _eillustrator |
||
| 942 |
_2ddc _cBK _n0 |
||
| 999 |
_c9117 _d9117 |
||